| 000 | 00998nam a22001937a 4500 | ||
|---|---|---|---|
| 999 |
_c60895 _d60895 |
||
| 005 | 20231115123307.0 | ||
| 008 | 231115s1981 ru ||||| |||| 00| 0 rus d | ||
| 041 | _arus | ||
| 080 | _a94(479.22.37) Л-75 | ||
| 100 |
_aЛомоури, Н.Ю. _920390 |
||
| 245 |
_aГрузино-римские взаимоотношения : _bЧ. 1, Политические взаимоотношения / _cН.Ю. Ломоури ; Редактор М.П. Инадзе. |
||
| 264 |
_aТбилиси : _b Изд-во Тбил. ун-та, _c1981. |
||
| 300 |
_a326 с., _b21 см. |
||
| 500 | _aსაძიებლები: გვ. 309-326. ბიბლიოგრაფია ტექსტის შენიშვნებში. | ||
| 653 | _aპოლიტიკური ურთიერთობები | ||
| 653 | _aსაქართველო-რომის იმპერია | ||
| 700 |
_aИнадзе, М.П. _eრედაქტორი _920391 |
||
| 942 |
_2udc _cᲬᲘᲒᲜᲘ |
||